ا ر د و ا فسا نے(بر آ ۓ سا ل د و م) (Record no. 163628)

MARC details
000 -LEADER
fixed length control field 00780nam a22002057a 4500
005 - DATE AND TIME OF LATEST TRANSACTION
control field 20220111155950.0
010 ## - LCCN (DPL NO)
LC control number UR-10036
020 ## - INTERNATIONAL STANDARD BOOK NUMBER
Terms of availability 130.00
International Standard Book Number 9789383239726
035 ## - SYSTEM CONTROL NUMBER
System control number U-8591
037 ## - SOURCE OF ACQUISITION
Source of stock number/acquisition DBAD/PUB
082 ## - DEWEY DECIMAL CLASSIFICATION NUMBER
Classification number ک
100 ## - MAIN ENTRY--PERSONAL NAME
Personal name ڈ اکٹرا یم سعید ا لد ین
245 ## - TITLE STATEMENT
Title ا ر د و ا فسا نے(بر آ ۓ سا ل د و م)
Statement of responsibility, etc ڈ اکٹرا یم سعید ا لد ین
246 ## - VARYING FORM OF TITLE
Remainder of title Urdu Afsaney(Urdu)
Title proper/short title by Dr. M.Sayeeduddeen
260 ## - PUBLICATION, DISTRIBUTION, ETC. (IMPRINT)
Place of publication, distribution, etc New Delhi
Name of publisher, distributor, etc Applied Books
Date of publication, distribution, etc 2017
270 ## - ADDRESS
Address 1739/3,Ground Floor,New kohinoor hotel,Patodi House,Dariya Ganj ,
City New Delhi
Postal code 110002
Telephone number 011-23266347
Fax number -
300 ## - PHYSICAL DESCRIPTION
Extent 112 ص
Dimensions 22 Cm.(bk)
500 ## - GENERAL NOTE
General note دو حصہ
942 ## - ADDED ENTRY ELEMENTS (KOHA)
Source of classification or shelving scheme Dewey Decimal Classification
Item type Urdu Bks
Classification part ک
Call number suffix ا ی م
Holdings
Withdrawn status Lost status Not for loan Collection code Home library Current library Date acquired Source of acquisition Cost, normal purchase price Full call number Barcode Copy number Cost, replacement price Koha item type
    Not For Loan Fiction D.B.Act.Division D.B.Act.Division 25/04/2019 DBAD/PUB 130.00 ک ا ی م U-8591 1 130.00 Urdu Bks

© Delhi Public Library
Hit Counter
free hit counter